|
|
|
|
| LEADER |
00000cam a2200000 a 4500 |
| 001 |
vtls009758708 |
| 003 |
SK-MaSNL |
| 005 |
20260301082521.0 |
| 008 |
250313s1981 xo a d n 000 0 slo |
| 015 |
|
|
|a SNBA1981
|
| 035 |
|
|
|a (SVKBBclas03)vtls000137345
|
| 035 |
|
|
|a urn:nbn:sk:snk-amkx5z
|
| 035 |
|
|
|a urn:nbn:sk:snk-am0082ds
|
| 035 |
|
|
|a BDA3629D-BF4D-4590-92CA-D9D2C2E120C0
|
| 040 |
|
|
|a SNK
|b slo
|c SNK
|e AACR2
|
| 041 |
0 |
|
|a slo
|
| 044 |
|
|
|a xo
|c SK
|
| 080 |
|
|
|a 621.3.08(075.3)
|2 1981
|
| 080 |
|
|
|a 621.317(075.3)
|2 1981
|
| 100 |
1 |
|
|a Štepita, Matej
|c (elektrotechnik)
|4 aut
|9 221996
|
| 245 |
1 |
0 |
|a Elektrotechnika
|b pre 4. ročník gymnázia
|n 1. časť
|c Matej Štepita
|
| 250 |
|
|
|a 3. vyd.
|
| 260 |
|
|
|a Bratislava
|b Alfa
|c 1981
|
| 300 |
|
|
|a 67 s.
|b sch., tab.
|c 29 cm
|
| 366 |
|
|
|e 4500 výt.
|
| 504 |
|
|
|a Bibliogr.
|
| 650 |
0 |
7 |
|a elektrotechnika
|2 SNKPH
|9 3619
|
| 650 |
0 |
7 |
|a elektrické merania
|2 SNKPH
|9 3585
|
| 655 |
|
7 |
|a učebnice stredných škôl
|2 SNKPH
|9 69323
|
| 852 |
|
|
|a Slovenská národná knižnica
|
| 958 |
|
|
|a OND
|
| 958 |
|
|
|a NB
|
| 999 |
|
|
|c 658697
|d 660627
|
| 952 |
|
|
|a SNK
|b SNK
|y PREZ
|7 0
|p 17A1001347
|o snkSB 31978/1
|i snkKSP 6826/81
|0 0
|1 0
|4 0
|d 2014-11-07
|f 1
|l 0
|r 2025-04-04 00:00:00
|w 2026-02-23
|
| 952 |
|
|
|a SNK
|b SNK
|y VYP
|7 0
|p 17A1315196
|o snkSB 31978/1 D1
|i snkKSP 6827/81
|0 0
|1 0
|4 0
|d 2014-11-07
|l 0
|r 2026-02-23 18:45:35
|w 2026-02-23
|